Loading...
| Fine Arts - Painting and Sculpture | 0 | 10 | 0 | 0 | 100 | 34 | 56.10 | 5 | 9 | 0.00 | 0.00 |
| Fine Arts - Classical Music | 0 | 10 | 0 | 1 | 100 | 35 | 70.10 | 5 | 10 | 0.00 | 0.00 |
| Fine Arts - Other | 0 | 6 | 0 | 0 | 60 | 27 | 71.17 | 2 | 3 | 0.00 | 0.00 |
| Mythology | 0 | 4 | 0 | 1 | 40 | 46 | 64.50 | 1 | 3 | 0.00 | 0.00 |
| Religion | 0 | 3 | 0 | 1 | 30 | 33 | 45.00 | 1 | 2 | 0.00 | 0.00 |
| History - Other | 0 | 3 | 0 | 1 | 30 | 60 | 74.33 | 0 | 0 | 0.00 | 0.00 |
| Literature - European | 0 | 2 | 0 | 0 | 20 | 72 | 78.50 | 0 | 2 | 0.00 | 0.00 |
| Science - Other | 0 | 2 | 0 | 1 | 20 | 70 | 72.00 | 1 | 2 | 0.00 | 0.00 |
| History - European | 0 | 2 | 0 | 1 | 20 | 31 | 73.50 | 1 | 1 | 0.00 | 0.00 |
| Current Events | 0 | 1 | 0 | 0 | 10 | 89 | 89.00 | 0 | 1 | 0.00 | 0.00 |
| Geography | 0 | 1 | 0 | 0 | 10 | 89 | 89.00 | 0 | 0 | 0.00 | 0.00 |
| Literature - American | 0 | 1 | 0 | 0 | 10 | 88 | 88.00 | 0 | 0 | 0.00 | 0.00 |
| Literature - World | 0 | 1 | 0 | 0 | 10 | 89 | 89.00 | 0 | 0 | 0.00 | 0.00 |
| Popular Culture | 0 | 1 | 0 | 0 | 10 | 91 | 91.00 | 0 | 0 | 0.00 | 0.00 |
| Science - Biology | 0 | 1 | 0 | 0 | 10 | 63 | 63.00 | 0 | 0 | 0.00 | 0.00 |
| History - World | 0 | 1 | 1 | 0 | 5 | 72 | 72.00 | 0 | 1 | 0.00 | 0.00 |
| Social Science | 0 | 1 | 1 | 0 | 5 | 49 | 49.00 | 0 | 1 | 0.00 | 0.00 |
| Science - Chemistry | 0 | 0 | 1 | 0 | -5 | 0.00 | 0 | 0 | 0.00 | 0.00 |